'C' TV Shows by Cast Photo Quiz Stats

 Plays Quiz Updated Apr 7, 2016

Challenge
Share
Tweet
Score 0/20 Timer 08:00
0 Plays Today
% Correct
Cheers
95%
Charlie's Angels
87.9%
CSI: Crime Scene Investigation
83.3%
Cougar Town
77.3%
Charmed
77%
Community
74.3%
CHiPS
71.2%
Chicago Fire
71.1%
Criminal Minds
66.2%
Charles in Charge
57%
% Correct
Cold Case
52.5%
Castle
52.4%
Chuck
46.8%
The Closer
40.1%
Clarissa Explains it All
39.7%
China Beach
31.1%
Cory in the House
23%
The Carrie Diaries
21.3%
Crossing Jordan
18.7%
Constantine
14.7%

You're not logged in!

Compare scores with friends on all Sporcle quizzes.
OR
Log In

You Might Also Like...

Show Comments

Extras

Top Quizzes Today


Score Distribution

Your Account Isn't Verified!

In order to create a playlist on Sporcle, you need to verify the email address you used during registration. Go to your Sporcle Settings to finish the process.

Report this User

Report this user for behavior that violates our Community Guidelines.

Details: